Estatísticas para São Tomé e Príncipe

Clique aqui para jogar o quiz

Estatísticas Gerais

  • Esse quiz foi jogado 9 vezes
  • A pontuação média é 5 de 10

Estatísticas das Respostas

HintResposta% Correto
De que país é independente?Portugal
100%
Qual é o seu idioma?Português
100%
Onde fica?África
89%
Qual é a sua religião?Cristianismo
78%
Qual é a sua capital?São Tomé
78%
Sobre que linha de situa o Ilhéu das Rolas?Equador
33%
Qual é o seu tipo de clima?Equatorial
33%
Em que golfo fica localizado?Golfo da Guiné
22%
Qual é a sua moeda?Dobra
11%
Qual é o seu ponto mais alto?Pico Cão Grande
0%

Distribuição das Pontuações

Percentil de Números Respondidos

Porcentagem de Pessoas com Cada Pontuação

Sua Pontuação Histórica

Você não jogou esse quiz